00807nam a22002177a 450000500170000001000150001702000260003203500140005803700090007208200160008110000340009724500680013125000060019926000430020527000640024830000200031250000540033294200270038699900190041395201570043220260120144857.0 aENG-147561 a9788119798209c999.00 aEN-131093 bDBAD a327.536721 aRoy, Chaitali Banerjee986645 aSadaaqa: Partnership & Cultural Kinship cChaitali Banerjee Roy a1 aNew DelhibHar Anand Publicationc2025 aE-49/3, Okhla Industrial Area, Phase-II,bNew Delhie110020 a293p.c22cm(Hb) a(Conversations with Pioneering Indians & Kuwaitis 2ddccENh327.5367mROY c214316d214316 001040708NFICaJPbJPd2026-01-20eDelivery of Books Act Divisiong999.00l0o327.5367 ROYpEN-131093r2026-01-20 00:00:00t1v999.00w2026-01-20yEN